Diseño y construcción de un disco pelletizador

সংরক্ষণ করুন:
গ্রন্থ-পঞ্জীর বিবরন
প্রধান লেখক: Poveda R, Alejandro
বিন্যাস: অজ্ঞাত
প্রকাশিত: [San José, Costa Rica] 1977
ট্যাগগুলো: ট্যাগ যুক্ত করুন
কোনো ট্যাগ নেই, প্রথমজন হিসাবে ট্যাগ করুন!

MARC

LEADER 00000 a2200000 4500
003 011065
005 20221231143804.0
008 140114s1977 c a m 000 ||s d
040 |c cru CEDI 
090 |a TFG 105-77 
100 |a Poveda R, Alejandro  |9 17245 
245 |a Diseño y construcción de un disco pelletizador 
260 |c 1977  |a [San José, Costa Rica] 
300 |a 30 hojas ;ilustraciones 
500 |a Trabajo de graduación IM-410.--Universidad de Costa Rica. Facultad de Ingeniería Mecánica. Escuela de Ingeniería Mecánica 
942 |c TFG 
999 |c 11999  |d 11999